Diseño del software para un controlador universal
Αποθηκεύτηκε σε:
| Κύριος συγγραφέας: | |
|---|---|
| Μορφή: | Βιβλίο |
| Έκδοση: |
San José, Costa Rica
1992
|
| Θέματα: | |
| Ετικέτες: |
Προσθήκη ετικέτας
Δεν υπάρχουν, Καταχωρήστε ετικέτα πρώτοι!
|
MARC
| LEADER | 00000nam a2200000Ia 4500 | ||
|---|---|---|---|
| 003 | 005381 | ||
| 005 | 20221231144325.0 | ||
| 008 | 140114s1992 cr a m 000 ||s d | ||
| 040 | |c cru CEDI | ||
| 090 | |a TFG 2540 | ||
| 100 | |a Bonilla Zúñiga, Ronny |9 9706 | ||
| 245 | |a Diseño del software para un controlador universal | ||
| 260 | |c 1992 |a San José, Costa Rica | ||
| 300 | |a vii, 114 hojas :ilustraciones | ||
| 500 | |a Proyecto de graduación (bachillerato en ingeniería eléctrica)--Universidad de Costa Rica. Facultad de Ingeniería. Escuela de Ingeniería Eléctrica | ||
| 650 | |x PROGRAMAS PARA COMPUTADORA |x DISEÑO DE SISTEMAS |9 3507 | ||
| 942 | |c TFG | ||
| 999 | |c 20167 |d 20167 | ||
